[Event "ICS Rated blitz match"]
[Site "207.99.83.227"]
[Date "1999.03.19"]
[Round "?"]
[White "Hossa"]
[Black "BabyBach"]
[Result "1-0"]
[WhiteElo "2347"]
[BlackElo "911"]
[PlyCount "27"]

1. e4 d6 2. d4 e5 3. dxe5 Qd7 4. Bf4 g6 5. exd6 c6 6. Qd4 Bg7 7. Qxg7 Qd8 8.
Qxh8 Qa5+ 9. Bd2 Qh5 10. Qxg8+ Kd7 11. Qxf7+ Kxd6 12. Bf4+ Kc5 13. Qe7+ Kb6 14.
Bc7# {BabyBach checkmated} 1-0

[Event "ICS rated blitz match"]
[Site "207.99.83.227"]
[Date "1999.03.19"]
[Round "?"]
[White "KillerGrob"]
[Black "Hossa"]
[Result "1-0"]
[WhiteElo "2758"]
[BlackElo "2347"]
[Annotator "Crafty v16.6"]
[PlyCount "52"]

{annotating for player Hossa using a scoring margin of +0.10 pawns. search
time limit is 12.00} 1. e4 1... e5 2. Nf3 Nc6 3. Bb5 a6 4. Ba4 Bc5 ({8:-0.60} 
4... Bc5 5. c4 f5 6. exf5 d6 7. d4 exd4 8. O-O Bxf5 9. Bxc6+ bxc6 10. Nxd4 $14)
({8:-0.46} 4... Nf6 5. O-O Bc5 6. Bxc6 dxc6 7. Nxe5 Qd4 8. Nd3 8... Bg4 $14) 5.
O-O Nge7 ({9:-0.54} 5... Nge7 6. c4 d6 7. Nc3 Bg4 8. Nd5 f5 9. Qe2 fxe4 10.
Qxe4 $14) ({9:-0.33} 5... b5 6. Bb3 Nf6 7. d3 O-O 8. Nc3 d6 9. Bg5 9... Bg4 $14
) 6. Nxe5 Nxe5 7. d4 Bd6 8. dxe5 Bxe5 9. f4 Bd6 10. Be3 O-O 11. Qd3 b5 12. Bb3
Bb7 13. e5 Bb4 14. c3 Ba5 15. Bc5 Re8 16. f5 Nc8 17. f6 g6 18. Qh3 Kh8 19. Bxf7
Bb6 20. Bxg6 Bxc5+ 21. Kh1 Re7 22. fxe7 Qg8 23. e8=Q Bxg2+ 24. Kxg2 h5 25.
Qxh5+ Kg7 26. Qxg8+ Kxg8 1-0

[Event "ICS rated bullet match"]
[Site "207.99.83.227"]
[Date "1999.03.19"]
[Round "?"]
[White "Hossa"]
[Black "Partizan"]
[Result "1-0"]
[WhiteElo "2441"]
[BlackElo "2426"]
[PlyCount "63"]

1. e4 d6 2. d4 Nf6 3. Nc3 e5 4. dxe5 dxe5 5. Qxd8+ Kxd8 6. Bc4 Be6 7. Bxe6 fxe6
8. Bg5 Bd6 9. Nge2 Ke7 10. O-O-O Nbd7 11. f3 h6 12. Be3 g5 13. Nb5 a6 14. Nbc3
b5 15. h4 g4 16. Ng3 h5 17. fxg4 Nxg4 18. Bg5+ Ndf6 19. Rhf1 Raf8 20. Rf3 Rf7
21. Rdf1 Rhf8 22. Nxh5 Nh2 23. Rxf6 Rxf6 24. Rxf6 Rxf6 25. Nxf6 Kf7 26. Nd7 Kg6
27. a3 Ng4 28. Nb8 c5 29. Nxa6 b4 30. Nd1 bxa3 31. bxa3 c4 32. Kb2 {
Partizan resigns} 1-0

[Event "ICS rated bullet match"]
[Site "207.99.83.227"]
[Date "1999.03.19"]
[Round "?"]
[White "Partizan"]
[Black "Hossa"]
[Result "0-1"]
[WhiteElo "2411"]
[BlackElo "2456"]
[PlyCount "62"]

1. d4 Nf6 2. c4 g6 3. Nc3 Bg7 4. e4 d6 5. Nf3 Bg4 6. Be2 O-O 7. O-O Nc6 8. Be3
e5 9. d5 Ne7 10. Nd2 Bxe2 11. Qxe2 Qd7 12. c5 Nc8 13. b4 a5 14. a3 dxc5 15.
bxc5 Qe7 16. Rfd1 Nh5 17. Nc4 Nf4 18. Bxf4 exf4 19. d6 cxd6 20. Nd5 Qh4 21.
cxd6 Bxa1 22. Rxa1 b5 23. Qb2 bxc4 24. Nf6+ Kh8 25. Nd7+ f6 26. Nxf8 Nxd6 27.
Ne6 Re8 28. Nc7 Rc8 29. Qd4 Nxe4 30. Re1 Qxf2+ 31. Qxf2 31... Nxf2 {
Partizan resigns} 0-1

[Event "ICS Rated blitz match"]
[Site "207.99.83.227"]
[Date "1999.03.19"]
[Round "?"]
[White "StrongBach"]
[Black "Hossa"]
[Result "1-0"]
[WhiteElo "1813"]
[BlackElo "2344"]
[PlyCount "123"]

1. e4 e5 2. Nc3 Nf6 3. Nf3 Bb4 4. Bb5 O-O 5. Nxe5 Re8 6. Nf3 Bxc3 7. dxc3 Rxe4+
8. Be3 Ng4 9. Qd5 Qe7 10. Bd3 Rxe3+ 11. fxe3 Nxe3 12. Qe4 Qxe4 13. Bxe4 d5 14.
Bd3 Nxg2+ 15. Kf2 Nf4 16. Rae1 Bd7 17. Re7 Kf8 18. Re3 Nxd3+ 19. Rxd3 Bc6 20.
Ne5 Nd7 21. Nxc6 bxc6 22. Rc1 Nc5 23. Re3 Ne4+ 24. Ke2 Rb8 25. b3 Re8 26. Kd3
Nc5+ 27. Kd2 f6 28. Ke2 Rxe3+ 29. Kxe3 Ne6 30. a4 Ke7 31. a5 Kd6 32. Rh1 Ke5
33. b4 c5 34. Rc1 c6 35. Rd1 cxb4 36. cxb4 c5 37. bxc5 Nxc5 38. h3 a6 39. Re1
Ne6 40. c3 Ng5 41. Rg1 g6 42. h4 Ne4 43. Rc1 Nxc3 44. Kd3 Ne4 45. Rc6 Kf4 46.
Kd4 Kg4 47. Rxa6 Kxh4 48. Re6 f5 49. Rxe4+ dxe4 50. a6 h5 51. a7 Kg5 52. a8=Q
Kg4 53. Qc6 Kg5 54. Qd6 h4 55. Ke3 h3 56. Qg3+ Kf6 57. Qh2 g5 58. Qxh3 Kg6 59.
Kd4 g4 60. Qh4 e3 61. Kxe3 Kf7 62. Kf4 {Hossa resigns} 1-0

[Event "ICS Rated blitz match"]
[Site "207.99.83.227"]
[Date "1999.03.19"]
[Round "?"]
[White "Hossa"]
[Black "Byzantine"]
[Result "1-0"]
[WhiteElo "2313"]
[BlackElo "2035"]
[PlyCount "73"]

1. e4 c6 2. Nc3 d5 3. exd5 cxd5 4. Bb5+ Nc6 5. Nf3 Bg4 6. O-O e6 7. Re1 a6 8.
Ba4 b5 9. Bb3 Be7 10. h3 Bh5 11. d3 Nd4 12. g4 Nxf3+ 13. Qxf3 Bg6 14. Be3 Nf6
15. g5 Bh5 16. Qg3 Nd7 17. Bxd5 exd5 18. Nxd5 O-O 19. Bd4 Bc5 20. Bxc5 Nxc5 21.
Ne7+ Kh8 22. Qh4 Ne6 23. Qxh5 Qxe7 24. h4 Qb7 25. Re4 Rac8 26. Rc1 Rc5 27. Qd1
h6 28. gxh6 gxh6 29. Qd2 Kh7 30. Rce1 Ng5 31. hxg5 Rxg5+ 32. Kf1 Rfg8 33. Ke2
Qd7 34. Kd1 Qh3 35. Kc1 Qf3 36. Rh4 Rg1 37. Qxh6# {Byzantine checkmated} 1-0

[Event "ICS Rated blitz match"]
[Site "207.99.83.227"]
[Date "1999.03.19"]
[Round "?"]
[White "Byzantine"]
[Black "Hossa"]
[Result "0-1"]
[WhiteElo "2030"]
[BlackElo "2318"]
[PlyCount "86"]

1. e4 d6 2. d4 e6 3. Nc3 Nf6 4. Nf3 Be7 5. h3 O-O 6. Be3 c5 7. Bc4 d5 8. exd5
exd5 9. Bd3 c4 10. Be2 Qb6 11. Rb1 Bb4 12. O-O Qa5 13. Bg5 Nbd7 14. Ne5 Bxc3
15. bxc3 Nxe5 16. dxe5 Ne4 17. Bd2 Re8 18. f4 Ng3 19. Rf3 Nxe2+ 20. Qxe2 Qxa2
21. Rc1 Bf5 22. Be1 Bd3 23. Qd1 Be4 24. Rg3 Qa6 25. Bf2 Qh6 26. Bd4 Qxf4 27.
Qe1 Bg6 28. Rg4 Qf5 29. Qg3 Re7 30. h4 Kh8 31. Rf1 Qxc2 32. h5 Bd3 33. Rf2 Qc1+
34. Kh2 Qh6 35. e6 fxe6 36. Qe5 Bf5 37. Rxf5 exf5 38. Qxf5 Qd6+ 39. Kh3 Kg8 40.
Qg5 h6 41. Qf5 Rf8 42. Qc2 Rf1 43. Rg6 43... Qf4 {Byzantine resigns} 0-1

[Event "ICS Rated blitz match"]
[Site "207.99.83.227"]
[Date "1999.03.19"]
[Round "?"]
[White "Hossa"]
[Black "JudgeTurpin"]
[Result "0-1"]
[WhiteElo "2323"]
[BlackElo "2436"]
[Annotator "Crafty v16.6"]
[PlyCount "63"]

{annotating for player Hossa using a scoring margin of +0.10 pawns. search
time limit is 12.00} 1. e4 1... e5 2. Nf3 Nc6 3. Bb5 a6 4. Ba4 ({9:-0.15} 4.
Ba4 4... Bc5 5. O-O Nge7 6. c3 O-O 7. d4 Bd6 8. Bg5 $10) ({9:+0.11} 4. Bxc6
4... dxc6 5. Nc3 Qd6 6. d4 exd4 7. Nxd4 c5 8. Nf5 Qxd1+ 9. Kxd1 Ne7 10. Re1 $10
) 4... Nf6 5. O-O Be7 6. Re1 ({9:-0.09} 6. Re1 6... b5 7. Bb3 O-O 8. d4 exd4 9.
Nxd4 Na5 10. Nd2 Nxb3 11. N2xb3 $10) ({9:+0.23} 6. Bxc6 6... dxc6 7. Nxe5 Nxe4
8. Qe2 Ng5 9. Re1 Bf5 10. Nd3 10... Kf8 $10) 6... b5 7. Bb3 O-O 8. a4 Bb7 9. d3
({9:-0.06} 9. d3 9... b4 10. c3 d6 11. Bg5 Ng4 12. Bxe7 Qxe7 13. cxb4 Nxb4 14.
Nc3 $10) ({9:+0.09} 9. axb5 9... axb5 10. Rxa8 Bxa8 11. d3 Ng4 12. Nc3 b4 13.
Nd5 Bc5 14. Re2 $10) 9... Re8 10. Nc3 ({8:-0.05} 10. Nc3 10... b4 11. Nd5 Na5
12. Nxe7+ Qxe7 13. Ba2 Qd6 14. Bg5 14... Ng4 $10) ({8:+0.22} 10. axb5 10...
axb5 11. Rxa8 Bxa8 12. Nc3 b4 13. Nd5 Na5 14. Nxe7+ Qxe7 15. Ba4 15... Bc6 $10)
10... b4 11. Nd5 Na5 12. Nxe7+ Qxe7 13. Ba2 d5 14. exd5 Qd6 15. Bg5 Nxd5 16.
Qe2 b3 17. Bd2 ({9:-0.34} 17. Bd2 17... bxa2 18. Bxa5 Nf4 19. Qe3 Rad8 20. Bc3
Qg6 21. g3 Nh3+ 22. Kh1 $15) ({9:+0.68} 17. cxb3 17... Nb4 18. Bd2 Nac6 19.
Bxb4 Nxb4 20. Bb1 Bxf3 21. Qxf3 Qd4 22. Re2 $14) 17... bxa2 18. Bxa5 Nf4 19.
Qe3 Qg6 20. Nh4 Qg4 21. g3 ({9:-1.82} 21. g3 21... g5 22. Bxc7 gxh4 23. Bxe5
Ng6 24. Qc5 Nxe5 25. Rxe5 hxg3 26. hxg3 26... Qxa4 $19) ({9:-1.37} 21. Qg3
21... Ne2+ 22. Rxe2 Qxe2 23. Nf5 g6 24. Ne3 c5 25. Rxa2 e4 26. Qd6 exd3 27.
cxd3 $17) 21... g5 22. Bxc7 gxh4 23. f3 ({6:-4.60} 23. f3 23... Bxf3 24. Bxe5
Ng2 25. Qf2 Nxe1 26. Qxe1 hxg3 27. Qxg3 $19) ({6:-1.82} 23. Rad1 $19) 23...
Bxf3 24. Bxe5 hxg3 25. Qxf4 gxh2+ 26. Kf2 Qxf4 27. Bxf4 Rxe1 28. Rxe1 h1=Q 29.
Rc1 ({9:-20.37} 29. Rc1 29... Qg2+ 30. Ke3 Rd8 31. Be5 Qe2+ 32. Kf4 Bg2 33. Kg3
Qxe5+ 34. Kxg2 Qg5+ 35. Kh3 Qh6+ 36. Kg3 36... Qxc1 $19) ({10:-12.83} 29. Rxh1
29... Bxh1 30. Be5 a1=Q 31. c4 Qd1 32. d4 Qf3+ 33. Ke1 Qe3+ 34. Kf1 Qc1+ 35.
Kf2 35... Qxc4 $19) 29... Qg2+ 30. Ke3 Re8+ 31. Kd4 Qg7+ 32. Kc4 0-1

[Event "ICS Rated blitz match"]
[Site "207.99.83.227"]
[Date "1999.03.19"]
[Round "?"]
[White "JudgeTurpin"]
[Black "Hossa"]
[Result "1/2-1/2"]
[WhiteElo "2447"]
[BlackElo "2312"]
[PlyCount "202"]

1. Nf3 Nc6 2. d4 d5 3. c4 e6 4. cxd5 exd5 5. e3 Bb4+ 6. Bd2 Bxd2+ 7. Nbxd2 Nge7
8. Be2 O-O 9. O-O Re8 10. Nb3 Bg4 11. Nc5 Rb8 12. Rc1 Qd6 13. Re1 Qg6 14. Nd3
Bxf3 15. Bxf3 Qg5 16. Qc2 Kh8 17. Nc5 a6 18. Qc3 Na7 19. a4 Nac6 20. Qb3 Qf5
21. Qd1 Qg5 22. Bh5 Nd8 23. Nd7 Rc8 24. Qg4 Qxg4 25. Bxg4 c6 26. Nb6 Rb8 27.
Bd7 Rg8 28. e4 dxe4 29. Rxe4 Ng6 30. Bf5 Nf8 31. d5 cxd5 32. Nxd5 g6 33. Bh3 f5
34. Ree1 Nde6 35. g3 Nd4 36. Bg2 Nfe6 37. Nb6 Rg7 38. a5 Rf8 39. Bd5 Ng5 40.
Kg2 h5 41. h4 Nh7 42. Red1 Nb5 43. Bc4 Na7 44. b4 Nc6 45. Bxa6 Nxb4 46. Bb5 Nf6
47. Rd4 Na6 48. Rdc4 Kh7 49. Rd1 Rff7 50. Rc8 Nc7 51. Rdd8 Kh6 52. Be2 Rh7 53.
Bf3 Ne4 54. Rb8 Na6 55. Ra8 Nac5 56. Rac8 Ne6 57. Rd1 Nf6 58. Rd6 Ng7 59. Rb8
Nge8 60. Re6 Nc7 61. Re3 Ng4 62. Rd3 Ne6 63. Rd6 Nc5 64. Rg8 Nf6 65. Ra8 Nce4
66. Rdd8 Ng4 67. Bxe4 fxe4 68. Rd2 Rf6 69. Nd5 Rd6 70. Rc8 Rhd7 71. a6 bxa6 72.
Rc5 e3 73. Re2 Rxd5 74. Rxd5 Rxd5 75. fxe3 Ne5 76. Ra2 a5 77. e4 Rc5 78. Kf2
Kg7 79. Ke3 Kf6 80. Kd4 Rb5 81. Kc3 Ke7 82. Ra1 Kd6 83. Rd1+ Kc6 84. Kd4 Nf3+
85. Ke3 Rb3+ 86. Kf4 Kc5 87. Rd5+ Kb4 88. Rd1 Nh2 89. Rd4+ Ka3 90. e5 Rb4 91.
Re4 Rxe4+ 92. Kxe4 Ng4 93. e6 Nf6+ 94. Ke5 Ne8 95. e7 g5 96. hxg5 Kb2 97. Ke6
a4 98. Kf7 Nd6+ 99. Ke6 Ne8 100. Kf7 Nd6+ 101. Ke6 101... Ne8 {
Game drawn by repetition} 1/2-1/2

[Event "ICS rated bullet match"]
[Site "207.99.83.227"]
[Date "1999.03.20"]
[Round "?"]
[White "Hossa"]
[Black "heatstroke"]
[Result "0-1"]
[WhiteElo "2470"]
[BlackElo "2698"]
[PlyCount "80"]

1. e4 c5 2. Bc4 e6 3. Nc3 Nc6 4. Nf3 a6 5. O-O Nf6 6. d4 cxd4 7. Nxd4 Ne5 8.
Bb3 Bb4 9. f4 Ng6 10. e5 Bxc3 11. bxc3 Ng8 12. Ba3 N8e7 13. Bc4 O-O 14. Bd3 Re8
15. Qd2 Qa5 16. Bb4 Qd5 17. Qf2 b5 18. Rfd1 Qb7 19. Rab1 Nd5 20. Ne2 Qc6 21.
Kh1 Bb7 22. Nd4 Qb6 23. Bxg6 fxg6 24. Rb3 Qd8 25. Qg3 Nb6 26. Ba5 Bd5 27. Rb2
Qb8 28. Bxb6 Qxb6 29. a4 Bc4 30. axb5 axb5 31. Rdb1 Qc5 32. Qg5 Reb8 33. Rb4
Rf8 34. R4b2 Qa3 35. Nb3 Rf5 36. Qg3 Raf8 37. Qh3 Rxf4 38. g4 Rf1+ 39. Qxf1
Rxf1+ 40. Kg2 40... Qa8+ {Hossa resigns} 0-1

[Event "ICS rated bullet match"]
[Site "207.99.83.227"]
[Date "1999.03.20"]
[Round "?"]
[White "Hossa"]
[Black "heatstroke"]
[Result "1/2-1/2"]
[WhiteElo "2435"]
[BlackElo "2733"]
[PlyCount "136"]

1. e4 c5 2. Bc4 e6 3. Nc3 a6 4. a4 Nc6 5. Nf3 Nf6 6. O-O Be7 7. e5 Ng4 8. Qe2
f6 9. exf6 Nxf6 10. d3 d5 11. Bb3 O-O 12. Re1 Nd4 13. Nxd4 cxd4 14. Nd1 Qc7 15.
f4 Bb4 16. Qe5 Qxe5 17. Rxe5 Bd6 18. Re2 Nh5 19. g3 Bd7 20. Bd2 Rac8 21. Nf2
Nf6 22. Nh3 Rc6 23. Ng5 Re8 24. Nf3 Bc5 25. Ne5 Rd6 26. Nxd7 Rxd7 27. Rae1 Rde7
28. a5 Kf7 29. Kh1 Rc8 30. c3 Rc6 31. Ba4 b5 32. Bb3 dxc3 33. Bxc3 d4 34. Bd2
g6 35. f5 gxf5 36. Re5 f4 37. Rf5 Kg7 38. Rxf4 e5 39. Rh4 h5 40. Bd1 Kg6 41. g4
hxg4 42. Bxg4 Nxg4 43. Rxg4+ Kf7 44. Kg2 Bd6 45. Kh3 Rc2 46. Bg5 e4 47. Rg2
Rxg2 48. Kxg2 Rc7 49. Rxe4 Rc2+ 50. Kf3 Rxb2 51. Rxd4 Bxh2 52. Rh4 Ra2 53. Rh6
Bc7 54. Rxa6 Rxa5 55. Rxa5 Bxa5 56. Ke4 Bc3 57. Kd5 Kg6 58. Be7 Bd2 59. Kc5 Kf7
60. Bh4 Ke6 61. Kxb5 Kd5 62. Bf2 Be1 63. Bg1 Bc3 64. Be3 Bd4 65. Bd2 Bf6 66.
Be3 Bd4 67. Bd2 Bf6 68. Be3 68... Bd4 {Game drawn by repetition} 1/2-1/2

[Event "ICS rated bullet match"]
[Site "207.99.83.227"]
[Date "1999.03.20"]
[Round "?"]
[White "Hossa"]
[Black "BachChoy"]
[Result "1-0"]
[WhiteElo "2441"]
[BlackElo "1327"]
[PlyCount "55"]

1. e4 a5 2. d4 g6 3. Nf3 Ra7 4. Bc4 c6 5. Bf4 d6 6. Ng5 c5 7. Nxf7 Qd7 8. Nxh8
Nf6 9. e5 Qf5 10. exf6 Qxf4 11. fxe7 Bxe7 12. O-O cxd4 13. Bf7+ Kf8 14. Bxg6
hxg6 15. Nxg6+ Ke8 16. Nxf4 Bf5 17. Qh5+ Bg6 18. Qxg6+ Kd8 19. Qg8+ Kc7 20.
Nd5+ Kc6 21. Nxe7+ Kc7 22. Qc8+ Kb6 23. Qxb8 Ra6 24. Qd8+ Kb5 25. Na3+ Kc5 26.
Qc7+ Rc6 27. Qxa5+ b5 28. Qxb5# {BachChoy checkmated} 1-0

[Event "ICS rated blitz match"]
[Site "207.99.83.227"]
[Date "1999.03.20"]
[Round "?"]
[White "Hossa"]
[Black "heatstroke"]
[Result "0-1"]
[WhiteElo "2313"]
[BlackElo "2757"]
[Annotator "Crafty v16.6"]
[PlyCount "58"]

{annotating for player Hossa using a scoring margin of +0.10 pawns. search
time limit is 12.00} 1. e4 1... e5 2. Nf3 Nc6 3. Bb5 a6 4. Ba4 ({9:-0.15} 4.
Ba4 4... Bc5 5. O-O Nge7 6. c3 O-O 7. d4 Bd6 8. Bg5 $10) ({9:+0.11} 4. Bxc6
4... dxc6 5. Nc3 Qd6 6. d4 exd4 7. Nxd4 c5 8. Nf5 Qxd1+ 9. Kxd1 Ne7 10. Re1 $10
) 4... Nf6 5. O-O Be7 6. Bxc6 dxc6 7. Nxe5 Nxe4 8. d4 ({8:-0.26} 8. d4 8... O-O
9. Re1 Bf5 10. Qf3 Nd6 11. Na3 11... Re8 $10) ({8:+0.08} 8. Qe2 8... Ng5 9. Re1
Ne6 10. Nc3 O-O 11. Qh5 11... Qd4 $10) 8... Bf5 9. g4 ({8:-0.55} 9. g4 9... Be6
10. Re1 Nd6 11. Nc3 O-O 12. d5 cxd5 13. Nxd5 $15) ({8:+0.05} 9. Qf3 9... Nd6
10. Bf4 Nb5 11. Qh5 g6 12. Qh6 12... Qxd4 $10) 9... Be6 10. Re1 Nxf2 11. Kxf2
Bh4+ 12. Kf1 Bxe1 13. Qxe1 Qxd4 14. c3 Qd5 15. Kg1 O-O-O 16. g5 Bh3 17. Qe2
Rhe8 18. Qf3 Qd1+ 19. Kf2 Qf1+ 20. Kg3 Qxc1 21. Kh4 Rxe5 22. Qxh3+ Kb8 23. Qg4
Qe1+ 24. Kh5 Rd6 25. Qd4 Rh6+ 26. Kg4 Rh4+ 27. Kf3 Qe2+ 28. Kg3 Rxg5+ 29. Kxh4
Qh5# 0-1

[Event "ICS rated blitz match"]
[Site "207.99.83.227"]
[Date "1999.03.20"]
[Round "?"]
[White "JudgeTurpin"]
[Black "Hossa"]
[Result "1-0"]
[WhiteElo "2413"]
[BlackElo "2311"]
[Annotator "Crafty v16.6"]
[PlyCount "104"]

{annotating for player Hossa using a scoring margin of +0.10 pawns. search
time limit is 12.00} 1. e4 1... d6 2. d4 e6 3. Nf3 Be7 4. Bf4 Nf6 5. Nbd2 O-O
6. c3 b6 ({8:-0.27} 6... b6 7. Bd3 c5 8. O-O cxd4 9. cxd4 Nh5 10. Be3 10... Nc6
$10) ({8:+0.17} 6... c5 7. Bd3 cxd4 8. cxd4 Nh5 9. Be3 Qb6 10. g4 10... Nf6 $10
) 7. Be2 Bb7 8. Qc2 d5 ({8:-0.60} 8... d5 9. e5 Ne4 10. O-O c5 11. Rae1 Nxd2
12. Qxd2 12... Nc6 $14) ({8:-0.13} 8... c5 9. dxc5 dxc5 10. O-O Nh5 11. Be3 Nc6
12. Rad1 12... Qd6 $10) 9. e5 Ne4 ({9:-0.76} 9... Ne4 10. Bd3 Nxd2 11. Bxh7+
Kh8 12. Bxd2 g6 13. Bxg6 fxg6 14. Qxg6 14... Qd7 $16) ({9:-0.55} 9... Nfd7 10.
Bd3 Kh8 11. O-O c5 12. Rac1 Nc6 13. Nb3 13... Kg8 $14) 10. Bd3 f5 ({9:-1.51} 
10... f5 11. exf6 Rxf6 12. Be3 c5 13. dxc5 Bxc5 14. Bxc5 bxc5 15. Nxe4 dxe4 16.
Bxe4 $18) ({9:-1.06} 10... Nxd2 11. Bxh7+ Kh8 12. Bxd2 g6 13. Bxg6 fxg6 14.
Qxg6 Qd7 15. Bh6 15... Rf5 $16) 11. exf6 Rxf6 12. Bg3 Na6 13. O-O-O Rf8 14. h4
Kh8 15. Nxe4 dxe4 16. Bxe4 Bxe4 17. Qxe4 Qd5 18. Rhe1 Qxa2 19. Qxe6 Qa1+ 20.
Kc2 Qa4+ 21. Qb3 Qxb3+ 22. Kxb3 Bd6 23. Bxd6 cxd6 24. Ra1 Nc7 25. Re7 Rfc8 26.
Ng5 Kg8 27. Rd7 d5 28. Re1 h6 29. Nf3 Kh7 30. h5 a5 31. Kc2 a4 32. Ree7 Ne8 33.
Rxd5 a3 34. Kb1 a2+ 35. Ka1 Ra6 36. Rdd7 Ra5 37. Ne5 b5 38. Rb7 Rca8 39. Nc6
R5a6 40. Nb8 Rf6 41. Rxe8 Rxf2 42. Re1 Rf5 43. g4 Rg5 44. Nd7 b4 45. cxb4 Kh8
46. Ne5 Kh7 47. b5 Ra5 48. Rb8 Rxe5 49. Rxe5 Ra7 50. b6 Rd7 51. b7 g5 52. Ree8
Kg7 1-0

[Event "ICS Rated blitz match"]
[Site "207.99.83.227"]
[Date "1999.03.20"]
[Round "?"]
[White "Hossa"]
[Black "Amateur"]
[Result "1/2-1/2"]
[WhiteElo "2300"]
[BlackElo "2396"]
[PlyCount "192"]

1. e4 c5 2. Bc4 Nf6 3. d3 d5 4. exd5 Nxd5 5. Nf3 Bg4 6. O-O e6 7. Nc3 Nxc3 8.
bxc3 Qf6 9. Rb1 Bxf3 10. gxf3 b6 11. Bb5+ Nd7 12. Bxd7+ Kxd7 13. Qe2 Bd6 14.
Qe4 Qg6+ 15. Kh1 Qxe4 16. fxe4 f5 17. Re1 fxe4 18. Rxe4 e5 19. Be3 Kc6 20. c4
Rhf8 21. h4 a5 22. a4 g6 23. Kg2 h5 24. Rb5 Ra7 25. Kf1 Raf7 26. Ke2 Rf3 27. c3
R3f7 28. Kd1 Bc7 29. Rb2 Rf3 30. Rb1 R3f6 31. Rb3 R6f7 32. Ke2 Rf3 33. Rb5 R3f6
34. Rb2 Rf3 35. Rb1 R3f5 36. Kd2 Rd8 37. Rb2 Rf7 38. Ke2 Rdf8 39. Rd2 Rf6 40.
Rd1 R8f7 41. Rb1 Rf8 42. Rc1 R8f7 43. Rg1 Rf8 44. Kd2 Bd6 45. Rb1 Rd8 46. d4
exd4 47. cxd4 cxd4 48. Rxd4 Rd7 49. Rb5 Rb7 50. Kd3 Re6 51. Rdd5 Be7 52. Bg5
Bc5 53. Rb2 Rf7 54. Be3 Rf3 55. Rxc5+ bxc5 56. Rb5 Rd6+ 57. Ke4 Rf5 58. Rxa5
Re6+ 59. Kd3 Ref6 60. Ra6+ Kb7 61. Rxf6 Rxf6 62. Bxc5 Ra6 63. Bd4 Rxa4 64. Be3
Ra1 65. Kd4 Kc6 66. Ke5 Kd7 67. Kd5 Rh1 68. Bg5 Rf1 69. f4 Rd1+ 70. Kc5 Ke6 71.
Kc6 Rd3 72. c5 Rc3 73. Bd8 Rc1 74. Bg5 Rc2 75. Kb6 Kd5 76. Be7 Re2 77. Bd6 Re1
78. Kc7 Ke6 79. Kd8 Ra1 80. Bb8 Rd1+ 81. Ke8 Rc1 82. Bd6 Ra1 83. Kd8 Ra8+ 84.
Kc7 Ra3 85. Bf8 Rh3 86. Bd6 Rxh4 87. c6 Rh3 88. Be5 g5 89. Kd8 Rd3+ 90. Kc8 Rf3
91. c7 Rf1 92. Kb7 Rb1+ 93. Kc6 Rc1+ 94. Kb7 Rb1+ 95. Kc6 Rc1+ 96. Kb7 96...
Rb1+ {Game drawn by repetition} 1/2-1/2

[Event "ICS Rated blitz match"]
[Site "207.99.83.227"]
[Date "1999.03.20"]
[Round "?"]
[White "Amateur"]
[Black "Hossa"]
[Result "1-0"]
[WhiteElo "2392"]
[BlackElo "2304"]
[Annotator "Crafty v16.6"]
[PlyCount "76"]

{annotating for player Hossa using a scoring margin of +0.10 pawns. search
time limit is 12.00} 1. e4 1... c5 2. Nf3 Nc6 3. d4 cxd4 4. Nxd4 Qa5+ ({8:-0.49
} 4... Qa5+ 5. Nc3 Nxd4 6. Qxd4 e5 7. Qc4 Bb4 8. Bd2 Nf6 9. Bd3 $14) ({8:-0.38
} 4... Qc7 5. Nc3 Nf6 6. Ndb5 Qb8 7. f4 e5 8. f5 $14) 5. Nc3 Nf6 6. Nb3 Qe5 7.
f4 Qe6 8. e5 d6 ({8:-3.42} 8... d6 9. Nb5 Kd8 10. N5d4 Nxd4 11. Nxd4 Qg4 12.
exf6 Qxd1+ 13. Kxd1 Bg4+ 14. Be2 Bxe2+ 15. Kxe2 15... gxf6 $18) ({8:-0.82} 8...
Ng4 9. Nd5 Kd8 10. Nc5 Qf5 11. Bd3 Qh5 12. Be3 $16) 9. Nb5 Qd7 10. exf6 exf6
11. Bd3 Be7 12. Be3 O-O 13. Be4 f5 14. Bd5 Bf6 15. O-O Ne7 16. Nxd6 Nxd5 17.
Qxd5 Bxb2 18. Nc5 Qc6 19. Qxc6 bxc6 20. Rad1 Ba3 21. Nxc8 Bxc5 22. Bxc5 Rfxc8
23. Rd6 Rab8 24. Re1 h5 25. a4 Rc7 26. Rd3 Rb2 27. c3 Kh7 28. Re5 g6 29. h4 Ra2
30. Rd4 Rb7 31. Re7 Rxe7 32. Bxe7 Kh6 33. Bf6 Ra1+ 34. Kh2 Rd1 35. Rxd1 g5 36.
hxg5+ Kg6 37. Rd8 a6 38. Rh8 a5 1-0

[Event "ICS Rated blitz match"]
[Site "207.99.83.227"]
[Date "1999.03.20"]
[Round "?"]
[White "Hossa"]
[Black "Amateur"]
[Result "0-1"]
[WhiteElo "2292"]
[BlackElo "2404"]
[Annotator "Crafty v16.6"]
[PlyCount "86"]

{annotating for player Hossa using a scoring margin of +0.10 pawns. search
time limit is 12.00} 1. e4 1... e5 2. Nf3 Nc6 3. Bc4 ({8:-0.12} 3. Bc4 3... Bb4
4. O-O Nf6 5. d4 Nxe4 6. Nxe5 6... O-O $10) ({8:-0.01} 3. Bb5 3... Bc5 4. Nc3
Nge7 5. Na4 Bb4 6. Bxc6 Nxc6 7. O-O $10) 3... Bc5 4. c3 Nf6 5. d4 exd4 6. e5 d5
7. Bb5 ({8:-0.27} 7. Bb5 7... Ne4 8. cxd4 Be7 9. O-O O-O 10. Nc3 Bf5 11. Nxe4
Bxe4 12. Bxc6 12... bxc6 $10) ({8:-0.05} 7. exf6 7... dxc4 8. fxg7 Rg8 9. cxd4
Nxd4 10. O-O Rxg7 11. Re1+ Kf8 12. Ne5 $10) 7... Ne4 8. cxd4 Bb6 9. Bxc6+ bxc6
10. Qc2 c5 11. dxc5 Bxc5 12. O-O O-O 13. Nbd2 Bxf2+ 14. Rxf2 Nxf2 15. Kxf2 f6
16. Kg1 a5 17. Qc3 fxe5 18. Nxe5 Rf5 19. Nc6 Qd6 20. Nb3 Ba6 21. Be3 Raf8 22.
Nd2 Rh5 23. h3 Rf7 24. Bd4 Bb5 25. Nxa5 Rg5 26. Rc1 Qe6 27. g4 Qg6 28. b3 h5
29. Be3 Rgf5 30. Qb4 hxg4 31. hxg4 Re5 32. Qd4 Qe6 33. Rc3 c5 34. Rxc5 Rxe3 35.
Rxb5 Re1+ 36. Kg2 Qe2+ 37. Kg3 Qxb5 38. Nf3 Qb8+ 39. Ne5 Rxe5 40. Kh4 g5+ 41.
Kh3 Re2 42. Qf2 Rexf2 43. Nc4 Rh2# 0-1

[Event "ICS Rated blitz match"]
[Site "207.99.83.227"]
[Date "1999.03.20"]
[Round "?"]
[White "Gromit211"]
[Black "Hossa"]
[Result "1-0"]
[WhiteElo "2563"]
[BlackElo "2281"]
[Annotator "Crafty v16.6"]
[PlyCount "80"]

{annotating for player Hossa using a scoring margin of +0.10 pawns. search
time limit is 12.00} 1. e4 1... d6 2. Nf3 Nf6 3. Nc3 e6 4. d4 Be7 5. Bd3 O-O 6.
O-O Nc6 7. Bb5 a6 8. Bxc6 bxc6 9. Re1 Rb8 10. Rb1 Nd7 11. Bf4 c5 12. dxc5 Nxc5
13. b4 Nd7 14. Qd2 Nb6 15. a4 Qe8 16. a5 Nd7 17. b5 Nc5 18. e5 Bb7 19. exd6
cxd6 20. b6 Bxf3 21. gxf3 Nb7 22. Ne4 Rc8 23. Qe2 d5 24. Qxa6 Qc6 25. Nd2 Ra8
26. Qb5 Rfc8 27. Qxc6 Rxc6 28. Nb3 Rxc2 29. Bd2 Nc5 30. Rec1 Ra2 31. Nxc5 Rxd2
32. b7 Rb8 33. Nd7 h5 34. Nxb8 Bd6 35. Nc6 Ra2 36. Ra1 Kh8 37. Rxa2 Kh7 38. a6
g5 39. a7 Kg7 40. a8=Q Kh7 1-0

[Event "ICS Rated blitz match"]
[Site "207.99.83.227"]
[Date "1999.03.20"]
[Round "?"]
[White "rajah"]
[Black "Hossa"]
[Result "1-0"]
[WhiteElo "2499"]
[BlackElo "2271"]
[Annotator "Crafty v16.6"]
[PlyCount "106"]

{annotating for player Hossa using a scoring margin of +0.10 pawns. search
time limit is 12.00} 1. d4 1... Nf6 2. c4 g6 3. Nc3 Bg7 4. e4 d6 5. f4 O-O 6.
Nf3 Bg4 7. Be3 Nc6 8. d5 Nb4 9. Qb3 Bxf3 ({8:-0.94} 9... Bxf3 10. gxf3 c5 11.
dxc6 Nxc6 12. Qxb7 Na5 13. Qb4 Rb8 14. Nb5 $16) ({8:-0.34} 9... c5 10. dxc6
Nxc6 11. Qxb7 Na5 12. Qa6 Rb8 13. O-O-O Nd7 14. Qxa7 Bxc3 15. bxc3 $14) 10.
gxf3 c5 11. a3 Na6 12. Qxb7 Nc7 13. Ra2 Qb8 14. Qxb8 Rfxb8 15. f5 gxf5 16. exf5
Rb3 17. Be2 Rab8 18. Bc1 Nd7 19. Na4 Ne5 20. O-O Bf6 21. Bh6 Kh8 22. Kh1 Nd3
23. Bd1 R3b7 24. b3 Ne8 25. Bc2 Ne5 26. Nb2 Ng7 27. Rf2 Nh5 28. Nd1 Rg8 29. Ne3
Bh4 30. Rg2 Nf6 31. Bd1 Nd3 32. Kg1 Rbb8 33. Rad2 Ne1 34. Rxg8+ Rxg8+ 35. Kf1
a6 36. b4 Nd7 37. f6 Nxf6 38. Nf5 Bg5 39. f4 Bxh6 40. Nxh6 Ne4 41. Nxg8 Nxd2+
42. Kxe1 Nxc4 43. Nxe7 Ne3 44. bxc5 dxc5 45. d6 Ng2+ 46. Kf1 Nxf4 47. Bb3 Kg7
48. d7 Ne6 49. Bxe6 fxe6 50. d8=Q Kf7 51. Nc6 Kg6 52. Qg8+ Kf6 53. Qxh7 Kg5 1-0